000 00663nam a2200229 a 4500
001 000015241
003 DO-SdBNP
005 20240530073917.0
008 100203s2003 dr 000 f spa d
020 _a999340389X
040 _aDO-SdBNP
_bspa
_cBNPHU
082 4 _aRD863.44
_bS211ca
_222
100 1 _aSánchez, Minelys
_934495
245 1 0 _aAl caer la tarde /
_cMinelys Sánchez.
260 _aSanto Domingo :
_bCocolo Editorial,
_c2003.
300 _a323 p. ;
_c23 cm.
590 _aInventariado, 2020 /LP
650 0 _aNovela dominicana
_9223
650 0 _aLiteratura dominicana.
_967
910 _aValidado. Control de calidad MFF
942 _2ddc
_cLBS1
999 _c14810
_d14810